000
00392nam a22001697a 4500
003
MPLRDC
005
20220104125615.0
008
210129b ||||| |||| 00| 0 eng d
082
_a
859.6 SD
100
_a
苏堤编写
245
_a
管仲和鲍叔牙
_c
260
_a
_b
小学生丛书出版社
_c
300
_b
平
490
_a
小学生丛书
650
_a
942
_c
BK
_o
859.6 SD
999
_c
28700
_d
28690